000 00668nam a2200217 i 4500
001 87359
003 ES-MaACL
005 20230906175645.0
007 t|
008 041221s1983 sp ||||1| spa d
020 _a84-85320-16-6
100 1 _aKrause, William J.
_968767
245 1 0 _aHistología /
_cWilliam J. Krause, J. Harry Cutts ; [traducción de Antonio Borregón Ramírez].
260 _aMadrid :
_b[s.n.,
_c1983] (
_fPanamericana)
300 _aXI, 434 p. :
_bil. ;
_c25 cm.
500 _aIndices.
650 4 _aHistología.
_9164981
700 1 _aBorregón Ramírez, Antonio.
_930574
700 1 _aCutts, J. Harry.
_942297
852 _aES-MaACL
_jL-8304
999 _c87359
_d87359